000 00741cam a2200217 a 4500
001 2469135
005 20250209145633.0
008 901217s1991 enka 001 0 eng c
020 _a9780397446285
050 0 0 _aRD32
_b.O585 1991
082 0 0 _a617.9
_220
245 0 0 _aOperative surgery /
_c[edited by] Sir Roy Y. Calne, Stephen G. Pollard.
260 _aLondon ;
_aNew York :
_bGower Medical Pub. ;
_aPhiladelphia, PA, USA :
_bDistributed in USA and Canada by J.B. Lippincott Co.,
_cc1992.
300 _a1 v. (various pagings) :
_bcol. ill. ;
_c32 cm.
500 _aIncludes index.
650 0 _aSurgery, Operative.
650 2 _aSurgery, Operative.
700 1 _aCalne, Roy Yorke.
700 1 _aPollard, Stephen G.
942 _2lcc
_cBK
_n0
999 _c3754
_d3754